| 000 | 00744nam a22002057a 4500 | ||
|---|---|---|---|
| 005 | 20220517141517.0 | ||
| 008 | 220517b sp ||||| |||| 00| 0 spa d | ||
| 020 | _a9788496467385 | ||
| 050 | 0 | 4 |
_aHS635 _bM38 2007 |
| 100 | 1 | _aMartín, Luis P. | |
| 245 | 1 | 0 |
_aLos arquitectos de la república : _blos masones y la política en España,1900-1936 _c/ Luis P. Martín |
| 250 | _a1a ed. | ||
| 260 |
_aMadrid, España : _bMarcial Pons, _c2007. |
||
| 300 |
_a214 p. : _c22 cm. |
||
| 490 | _aMarcial Pons. / Estudios | ||
| 504 | _aIncluye referencia bibliográfica (p. [195]-209) e índice. | ||
| 650 | 7 |
_2Lemb _aMasonería _xHistoria _ySiglo XX _zEspaña |
|
| 651 |
_2Lemb _aEspaña _xPolítica y gobierno _ySiglo XX |
||
| 942 |
_2lcc _cLIB |
||
| 999 |
_c162042 _d162040 |
||